00497nam a2200169Ia 4500003000900000005001700009008004100026020001800067040001600085080001500101100001800116245007200134260003800206300001400244650002600258650004300284IN-BaIIA20250109104141.0211028s9999 xx 000 0 eng d a0-471-32380-2 cIIA Library a524-1bGRA aGray, David F 4aThe Observation and analysis of stellar photospherescDavid F. Gray aNew YorkbJohn Wiley & Sonsc1976 axv, 471p. a Stellar photosphere aAstronomy and astrophysics thesaurus